000 00737nam a2200181Ia 4500
008 100921s9999 xx 000 0 und d
082 _b4767
_a550 थ 49
100 _aआपटे दत्त.
245 _aनिसर्ग संपत्ती आणि मानव.
260 _bप्रगती प्रकाशन, सांगली.
_c1949
300 _a144
_b---
365 _b3
520 _aविज्ञान-भौमिक शास्त्रे.
630 _aनिसर्ग संपत्ती आणि मानव.
650 _aविज्ञान-भौमिक शास्त्रे.
730 _aनिसर्ग संपत्ती आणि मानव.
942 _cBOOK
999 _c753880
_d753877